| 000 | 01857nam a2200289 i 4500 | ||
|---|---|---|---|
| 005 | 20250329165435.0 | ||
| 007 | ta | ||
| 008 | 190415s2022 000 0 eng d | ||
| 040 |
_aCO-CtgCURN _bspa _ccoctgcurn _erda |
||
| 082 | 0 |
_aENF 2022 _bC822 |
|
| 100 | 1 |
_aCoronado Cuello, Daniela Carolina, _eauthor. _4aut |
|
| 245 | 1 | 0 |
_aSatisfacción de los estudiantes de enfermería con la enseñanza recibida durante las prácticas formativas en una institución de educación superior en Cartagena (Colombia) 2022 / _cDaniela Carolina Coronado Cuello; Luis Guillermo Aguilera Vásquez; Roxana Isabel Magallanes Amor; asesora Leisly Sofia Beleño Pinedo. |
| 260 |
_aCartagena de Indias : _bCorporación Universitaria Rafael Núñez, _c2022. |
||
| 300 | _a95 hojas. | ||
| 336 |
_atext _btxt _2rdacontent |
||
| 337 |
_aunmediated _bn _2rdamedia |
||
| 338 |
_avolume _bnc _2rdacarrier |
||
| 504 | _aTrabajo de grado (Enfermera). Corporación Universitaria Rafael Nuñez. Facultad de Ciencias de la Salud. Programa de Enfermería, 2022. | ||
| 520 | _a"Las prácticas en enfermería proveen entornos que proporcionan a los estudiantes posibilidades de desarrollo individual y profesional, mejorando el pensamiento crítico y las habilidades de toma de decisiones, todo ello con el fin de que adquieran las destrezas que necesitarán en el futuro ejercicio de la profesión." | ||
| 650 | 0 |
_aEnfermería _vTesis y disertaciones academicas. |
|
| 700 | 1 | _aAguilera VÂsquez, Luis Guillermo. | |
| 700 | 1 | _aMagallanes Amor, Roxana Isabel. | |
| 700 | 1 |
_aBeleÏo Pinedo, Leisly SofÍa, _edirectora. |
|
| 856 |
_uhttps://unicurn.sharepoint.com/:b:/s/biblioteca/EeUPHpAbEvdHhRmO6BKHYa4Bhdd9WtJzL07g0UFAnKYlLg?e=airgXM _zDe click para ver el texto completo |
||
| 942 |
_2ddc _cTG _hENF 2022 _iC822 |
||
| 999 |
_c4088 _d4088 |
||